Thermodynamics : fundamentals for applications /
Guardado en:
| Autor Principal: | |
|---|---|
| Otros Autores: | |
| Formato: | Libro |
| Idioma: | English |
| Publicado: |
Cambridge ; New York :
Cambridge University Press,
2005.
|
| Materias: | |
| Acceso en línea: | Table of contents Publisher description Contributor biographical information |
| Etiquetas: |
Agregar Etiqueta
Sin Etiquetas, Sea el primero en etiquetar este registro!
|
| LEADER | 01135cam a22002774a 4500 | ||
|---|---|---|---|
| 001 | EIQ.libpla004298 | ||
| 008 | 040722s2005####enka#####b####001#0#eng## | ||
| 005 | 20121212112008.0 | ||
| 245 | 1 | 0 | |a Thermodynamics : |b fundamentals for applications / |c J.P. O'Connell and J.M. Haile. |
| 260 | |a Cambridge ; |a New York : |b Cambridge University Press, |c 2005. | ||
| 300 | |a xv, 654 p. : |b il. ; |c 26 cm. | ||
| 504 | |a Incluye referencias bibliográficas e índice. | ||
| 020 | |a 9780521582063 (hardback) | ||
| 020 | |a 0521582067 (hardback) | ||
| 100 | 1 | |a O'Connell, John P. |q (John Paul) | |
| 700 | 1 | |a Haile, J. M. | |
| 082 | 0 | 0 | |a 536.7 |2 22 |
| 650 | 0 | |a Thermodynamics. | |
| 650 | 7 | |a Termodinámica | |
| 010 | |a 2004057542 | ||
| 040 | |a DLC |c DLC |d YDX |d TTU |d BAKER |d DLC | ||
| 050 | 0 | 0 | |a QC311 |b .O3 2005 |
| 856 | 4 | 1 | |3 Table of contents |u http://www.loc.gov/catdir/toc/cam051/2004057542.html |
| 856 | 4 | 2 | |3 Publisher description |u http://www.loc.gov/catdir/description/cam051/2004057542.html |
| 856 | 4 | 2 | |3 Contributor biographical information |u http://www.loc.gov/catdir/enhancements/fy0732/2004057542-b.html |
| 859 | |a AR-BbSID |b BIB. PLAPIQUI |h 536.7 |i Oc5 |p 6122 | ||
